[Event "Heusenstamm Sparkassen op-A 6th"]
[Site "Heusenstamm"]
[Date "2019.11.24"]
[Round "6"]
[White "Odendahl, Reiner"]
[Black "Browning, Alex"]
[Result "0-1"]
[WhiteElo "2351"]
[BlackElo "2264"]
[PlyCount "84"]
[EventDate "2019.11.21"]
[EventType "swiss"]
[EventRounds "7"]
[EventCountry "GER"]
[SourceTitle "CBM 193 Extra"]
[Source "ChessBase"]
[SourceDate "2020.01.31"]
[SourceVersion "1"]
[SourceVersionDate "2020.01.31"]
[SourceQuality "1"]

1. d4 Nf6 2. Bg5 Ne4 3. Bf4 c5 4. f3 Nf6 5. dxc5 b6 6. e4 bxc5 7. Nc3 Nc6 8. Bc4 a6 9. Nge2 e6 10. a3 d6 11. Qd2 Be7 12. Rd1 Ne5 13. Ba2 Qb6 14. Rb1 0-0 15. 0-0 Bd7 16. Kh1 Rab8 17. Be3 Qc7 18. f4 Neg4 19. Bg1 Bc6 20. h3 Nh6 21. Ng3 Rfd8 22. Qe2 d5 23. e5 Ne4 24. Ncxe4 dxe4 25. Bh2 Qa5 26. Nxe4 Rd4 27. Nc3 Rbd8 28. Rbd1 Nf5 29. Rxd4 cxd4 30. Nd1 Ne3 31. Rg1 Qb6 32. c4 dxc3 33. Nxc3 Qd4 34. Bg3 Bc5 35. Bf2 Qxf4 36. Bxe3 Bxe3 37. Rd1 Rd4 38. Rxd4 Bxd4 39. Bc4 Bxe5 40. Kg1 Bd4+ 41. Kh1 Be5 42. Kg1 Qh2+ 0-1

[Event "Heusenstamm Sparkassen op-A 6th"]
[Site "Heusenstamm"]
[Date "2019.11.21"]
[Round "1"]
[White "Foerster Yialamas, Lucas"]
[Black "Odendahl, Reiner"]
[Result "1/2-1/2"]
[WhiteElo "1953"]
[BlackElo "2351"]
[PlyCount "56"]
[EventDate "2019.11.21"]
[EventType "swiss"]
[EventRounds "7"]
[EventCountry "GER"]
[SourceTitle "CBM 193 Extra"]
[Source "ChessBase"]
[SourceDate "2020.01.31"]
[SourceVersion "1"]
[SourceVersionDate "2020.01.31"]
[SourceQuality "1"]

1. e4 c5 2. Nf3 e6 3. d4 cxd4 4. Nxd4 a6 5. Bd3 Nf6 6. Qe2 d6 7. c4 g6 8. Nc3 Bg7 9. Be3 Qc7 10. 0-0 0-0 11. Rac1 Nbd7 12. f4 Re8 13. Nb3 b6 14. Bd4 Nc5 15. e5 Nfd7 16. Bxc5 Nxc5 17. exd6 Qxd6 18. Nxc5 Qxc5+ 19. Kh1 Bb7 20. Be4 Bxe4 21. Nxe4 Qb4 22. b3 Red8 23. Rfd1 a5 24. Rxd8+ Rxd8 25. Rd1 Rd4 26. Rxd4 Bxd4 27. g3 a4 28. Qd2 Qxd2 1/2-1/2

[Event "Dieren op"]
[Site "Dieren"]
[Date "2019.07.31"]
[Round "8"]
[White "Odendahl, Reiner"]
[Black "Lai, Hing Ting"]
[Result "1-0"]
[WhiteElo "2352"]
[BlackElo "2460"]
[PlyCount "45"]
[EventDate "2019.07.23"]
[EventType "swiss"]
[EventRounds "9"]
[EventCountry "NED"]
[SourceTitle "CBM 191 Extra"]
[Source "ChessBase"]
[SourceDate "2019.09.30"]
[SourceVersion "1"]
[SourceVersionDate "2019.09.30"]
[SourceQuality "1"]

1. Nf3 Nf6 2. c4 e6 3. g3 d5 4. Bg2 d4 5. e3 c5 6. exd4 cxd4 7. 0-0 Nc6 8. d3 Be7 9. Na3 0-0 10. Nc2 a5 11. Re1 Ne8 12. Bd2 f6 13. a3 a4 14. Nb4 Nc7 15. b3 axb3 16. Qxb3 Kh8 17. Nxc6 bxc6 18. Qb6 c5 19. Bf4 Na6 20. Qxd8 Rxd8 21. Nxd4 cxd4 22. Bxa8 Nc5 23. Bc7 1-0

[Event "Dieren op"]
[Site "Dieren"]
[Date "2019.07.27"]
[Round "5"]
[White "Vrolijk, Liam"]
[Black "Odendahl, Reiner"]
[Result "0-1"]
[WhiteElo "2478"]
[BlackElo "2352"]
[PlyCount "68"]
[EventDate "2019.07.23"]
[EventType "swiss"]
[EventRounds "9"]
[EventCountry "NED"]
[SourceTitle "CBM 191 Extra"]
[Source "ChessBase"]
[SourceDate "2019.09.30"]
[SourceVersion "1"]
[SourceVersionDate "2019.09.30"]
[SourceQuality "1"]

1. c4 g6 2. d4 Bg7 3. e4 d6 4. Nc3 Nf6 5. h3 0-0 6. Be3 c5 7. Nf3 cxd4 8. Nxd4 b6 9. g4 Bb7 10. f3 Nc6 11. Qd2 Rc8 12. 0-0-0 Ne5 13. b3 b5 14. Ncxb5 Nxf3 15. Nxf3 Nxe4 16. Qb4 Nc3 17. Nxc3 Bxf3 18. Rh2 a5 19. Qb6 Bxc3 20. Be2 Be4 21. Bd3 Bf3 22. Be2 Bc6 23. Kc2 Be5 24. Rf2 Qd7 25. Bf3 Bxf3 26. Rxf3 Rb8 27. Qxa5 Qc6 28. Qd5 Qa6 29. a4 Rxb3 30. Kxb3 Rb8+ 31. Kc2 e6 32. Qe4 Rb2+ 33. Kd3 Qxa4 34. Rd2 d5 0-1

[Event "NRW Class1 1314"]
[Site "Germany"]
[Date "2013.11.17"]
[Round "3.1"]
[White "Funke, Reinhard"]
[Black "Odendahl, Reiner"]
[Result "0-1"]
[WhiteElo "2126"]
[BlackElo "2252"]
[PlyCount "70"]
[EventDate "2013.09.15"]
[EventType "team-tourn"]
[EventRounds "9"]
[EventCountry "GER"]
[SourceTitle "EXT 2015"]
[Source "ChessBase"]
[SourceDate "2014.11.20"]
[SourceVersion "1"]
[SourceVersionDate "2014.11.20"]
[SourceQuality "1"]
[WhiteTeam "Suedlohn"]
[BlackTeam "Elberfeld"]
[WhiteTeamCountry "GER"]
[BlackTeamCountry "GER"]

1. d4 g6 2. Nf3 Bg7 3. g3 c5 4. Bg2 cxd4 5. Nxd4 Nc6 6. Nxc6 bxc6 7. 0-0 Rb8 8. c4 Rxb2 9. Bxb2 Bxb2 10. Nd2 Bxa1 11. Qxa1 Nf6 12. Qd4 Qa5 13. Ne4 0-0 14. Nxf6+ exf6 15. Qxf6 Qxa2 16. Qc3 Ba6 17. Rd1 Bxc4 18. Ra1 Qb3 19. Qd4 Be6 20. Qxa7 Qb2 21. Bf3 Rb8 22. Kg2 Qe5 23. Ra3 Rb1 24. Re3 Qf5 25. g4 Qf6 26. Qa8+ Kg7 27. Qa5 h6 28. Rc3 Rb5 29. Qa3 h5 30. h3 hxg4 31. Bxg4 Bd5+ 32. Kg3 Rb1 33. f3 Qe5+ 34. Kf2 Qd4+ 35. e3 Qd2+ 0-1

[Event "NRW Class1 1314"]
[Site "Germany"]
[Date "2013.10.06"]
[Round "2.1"]
[White "Odendahl, Reiner"]
[Black "Dahm, Jochen"]
[Result "1-0"]
[WhiteElo "2252"]
[BlackElo "2248"]
[PlyCount "73"]
[EventDate "2013.09.15"]
[EventType "team-tourn"]
[EventRounds "9"]
[EventCountry "GER"]
[SourceTitle "EXT 2015"]
[Source "ChessBase"]
[SourceDate "2014.11.20"]
[SourceVersion "1"]
[SourceVersionDate "2014.11.20"]
[SourceQuality "1"]
[WhiteTeam "Elberfeld"]
[BlackTeam "Bochum II"]
[WhiteTeamCountry "GER"]
[BlackTeamCountry "GER"]

1. Nf3 c5 2. g3 Nf6 3. Bg2 Nc6 4. c4 g6 5. 0-0 Bg7 6. Nc3 0-0 7. d4 cxd4 8. Nxd4 Nxd4 9. Qxd4 d6 10. Qd3 Be6 11. Bxb7 Rb8 12. Bg2 Qa5 13. b3 Rxb3 14. axb3 Qxa1 15. Bd2 Qa6 16. Rb1 Rd8 17. Nb5 Bf5 18. e4 Bd7 19. Bc3 d5 20. Ra1 dxe4 21. Bxe4 Qe6 22. Bxf6 Bxf6 23. Rxa7 Kg7 24. Ra8 Rxa8 25. Bxa8 Qe1+ 26. Kg2 Bf5 27. Qe3 Qb1 28. h4 Bd3 29. Nc7 Qxb3 30. Ne8+ Kf8 31. Nxf6 exf6 32. Bd5 Qc2 33. Qc5+ Kg7 34. Qe7 Bf5 35. Qxf7+ Kh6 36. Qf8+ Kh5 37. Qxf6 1-0

[Event "NRW Class1 1112"]
[Site "Germany"]
[Date "2012.01.08"]
[Round "5.1"]
[White "Muschik, Benedikt"]
[Black "Odendahl, Reiner"]
[Result "1/2-1/2"]
[WhiteElo "2229"]
[BlackElo "2286"]
[PlyCount "29"]
[EventDate "2011.09.18"]
[EventType "team-tourn"]
[EventRounds "9"]
[EventCountry "GER"]
[SourceTitle "EXT 2015"]
[Source "ChessBase"]
[SourceDate "2014.11.20"]
[SourceVersion "1"]
[SourceVersionDate "2014.11.20"]
[SourceQuality "1"]
[WhiteTeam "Neuenkirchen"]
[BlackTeam "Elberfeld"]
[WhiteTeamCountry "GER"]
[BlackTeamCountry "GER"]

1. d4 Nf6 2. Bf4 d6 3. e3 g6 4. Nf3 Bg7 5. Be2 0-0 6. h3 c5 7. c3 Nbd7 8. 0-0 a6 9. a4 b6 10. Nbd2 Bb7 11. Re1 Ra7 12. Bh2 Qa8 13. Bd3 Ne4 14. Nxe4 Bxe4 15. Bxe4 1/2-1/2

[Event "NRW Class1 1112"]
[Site "Germany"]
[Date "2011.11.13"]
[Round "3.1"]
[White "Weber, Peter"]
[Black "Odendahl, Reiner"]
[Result "1/2-1/2"]
[WhiteElo "2193"]
[BlackElo "2286"]
[PlyCount "56"]
[EventDate "2011.09.18"]
[EventType "team-tourn"]
[EventRounds "9"]
[EventCountry "GER"]
[SourceTitle "EXT 2015"]
[Source "ChessBase"]
[SourceDate "2014.11.20"]
[SourceVersion "1"]
[SourceVersionDate "2014.11.20"]
[SourceQuality "1"]
[WhiteTeam "Langenfeld"]
[BlackTeam "Elberfeld"]
[WhiteTeamCountry "GER"]
[BlackTeamCountry "GER"]

1. c4 Nf6 2. Nc3 c5 3. Nf3 g6 4. e4 Bg7 5. d4 cxd4 6. Nxd4 Nc6 7. Be3 Ng4 8. Qxg4 Nxd4 9. Qd1 e5 10. Bd3 0-0 11. 0-0 d6 12. Qd2 Be6 13. f4 exf4 14. Bxf4 Be5 15. Nd5 Bxd5 16. exd5 Qh4 17. Rf2 Rae8 18. Raf1 f5 19. g3 Qe7 20. Kg2 a6 21. b3 Bxf4 22. Qxf4 Qf6 23. h4 Re7 24. g4 Rfe8 25. gxf5 Nxf5 26. Bxf5 gxf5 27. Qxf5 Qxh4 28. Qh3 Rg7+ 1/2-1/2

[Event "Dieren op"]
[Site "Dieren"]
[Date "2010.08.02"]
[Round "6"]
[White "De Ruiter, Danny"]
[Black "Odendahl, Reiner"]
[Result "1/2-1/2"]
[WhiteElo "2116"]
[BlackElo "2382"]
[PlyCount "41"]
[EventDate "2010.07.27"]
[EventType "swiss"]
[EventRounds "9"]
[EventCountry "NED"]
[SourceTitle "CBM 137 Extra"]
[Source "ChessBase"]
[SourceDate "2010.09.01"]
[SourceVersion "1"]
[SourceVersionDate "2010.09.01"]
[SourceQuality "1"]

1. d4 Nf6 2. c4 c5 3. d5 a6 4. a4 e5 5. Nc3 d6 6. e4 Be7 7. h3 Nbd7 8. Nf3 Nf8 9. Be3 Ng6 10. Be2 Bd7 11. 0-0 Qc8 12. Nh2 0-0 13. Rb1 Bd8 14. Ng4 Nxg4 15. Bxg4 Ba5 16. Bxd7 Qxd7 17. Ne2 b5 18. axb5 axb5 19. b3 Rfb8 20. Qc2 Qd8 21. Ra1 1/2-1/2

[Event "Dieren op"]
[Site "Dieren"]
[Date "2010.07.30"]
[Round "4"]
[White "Vogel, Jaap"]
[Black "Odendahl, Reiner"]
[Result "1/2-1/2"]
[WhiteElo "2184"]
[BlackElo "2382"]
[PlyCount "43"]
[EventDate "2010.07.27"]
[EventType "swiss"]
[EventRounds "9"]
[EventCountry "NED"]
[SourceTitle "CBM 137 Extra"]
[Source "ChessBase"]
[SourceDate "2010.09.01"]
[SourceVersion "1"]
[SourceVersionDate "2010.09.01"]
[SourceQuality "1"]

1. Nf3 c5 2. g3 g6 3. Bg2 Bg7 4. c4 Nc6 5. Nc3 Nf6 6. 0-0 0-0 7. d4 cxd4 8. Nxd4 Nxd4 9. Qxd4 d6 10. Qh4 Be6 11. Bxb7 Rb8 12. Bf3 Qa5 13. Nd5 Bxd5 14. cxd5 Rfc8 15. a3 Rb3 16. Rd1 Qa6 17. Rb1 Rcb8 18. Rd4 Rxa3 19. Rb4 Rb3 20. Ra4 Qb7 21. Be3 a6 22. Qc4 1/2-1/2

[Event "Budapest FS09 GM"]
[Site "Budapest"]
[Date "2009.09.11"]
[Round "7"]
[White "Odendahl, Reiner"]
[Black "Czebe, Attila"]
[Result "0-1"]
[WhiteElo "2422"]
[BlackElo "2485"]
[PlyCount "90"]
[EventDate "2009.09.05"]
[EventType "tourn"]
[EventRounds "9"]
[EventCountry "HUN"]
[EventCategory "8"]
[SourceTitle "CBM 132 Extra"]
[Source "ChessBase"]
[SourceDate "2009.11.03"]
[SourceVersion "1"]
[SourceVersionDate "2009.11.03"]
[SourceQuality "1"]

1. Nf3 d5 2. c4 d4 3. g3 Nf6 4. Bg2 c5 5. b4 cxb4 6. a3 bxa3 7. Bxa3 Nc6 8. d3 e5 9. Bxf8 Kxf8 10. Nbd2 h6 11. 0-0 g6 12. Qa4 Kg7 13. Rfb1 Qe7 14. Ne1 Bf5 15. Rxb7 Qxb7 16. Bxc6 Qb2 17. Bxa8 Rxa8 18. Qa5 Re8 19. f3 g5 20. Rb1 Qc3 21. Qxc3 dxc3 22. Ne4 Nxe4 23. fxe4 Bg4 24. Kf2 f5 25. exf5 e4 26. Rc1 exd3 27. exd3 Re2+ 28. Kf1 Rxh2 29. Rxc3 Bxf5 30. Ra3 Bh3+ 31. Kg1 Re2 32. Rxa7+ Kg6 33. Ra1 Kf5 34. d4 Kg4 35. d5 Kxg3 36. Ra3+ Kg4 37. Nf3 Bg2 38. Ne5+ Kf5 39. Nf7 Kf4 40. d6 Bc6 41. Nd8 Bf3 42. d7 g4 43. Ne6+ Kg3 44. Rxf3+ gxf3 45. Kf1 Ra2 0-1